चिनारच्या छायेत (Record no. 402923)

MARC details
000 -LEADER
fixed length control field 00553nam a2200169Ia 4500
008 - FIXED-LENGTH DATA ELEMENTS--GENERAL INFORMATION
fixed length control field 100122s9999 xx 000 0 und d
082 ## - DEWEY DECIMAL CLASSIFICATION NUMBER
Item number 11578
Classification number 910.4
100 ## - MAIN ENTRY--PERSONAL NAME
Personal name जोशी श्रीपाद
245 ## - TITLE STATEMENT
Title चिनारच्या छायेत
260 ## - PUBLICATION, DISTRIBUTION, ETC. (IMPRINT)
Name of publisher, distributor, etc सुविचार प्रकाशन
Date of publication, distribution, etc 1962
300 ## - PHYSICAL DESCRIPTION
Extent 173
520 ## - SUMMARY, ETC.
Summary, etc माळयावर
620 ## -
-- माळयावर
630 ## - SUBJECT ADDED ENTRY--UNIFORM TITLE
Uniform title चिनारच्या छायेत
730 ## - ADDED ENTRY--UNIFORM TITLE
Uniform title चिनारच्या छायेत
942 ## - ADDED ENTRY ELEMENTS (KOHA)
Koha item type Book

No items available.